Länder, die St. Vincent am Nächsten Liegen - Sudden Death - Statistiken

Allgemein
  • Dieses Quiz wurde 26 mal gespielt
  • Das Durchschnittsergebnis liegt bei 7 aus 15
Answers on the Grid
Answers color-coded by a green-red scale on the quiz's grid according to % correct below.
St. Kitts und Nevis
Antigua und Barbuda
Dominica
St. Lucia
Barbados
Grenada
Trinidad und Tobago
Venezuela
Guyana
Suriname
Brasilien
Dominikanische Republik
Kolumbien
Haiti
Bahamas
Kuba
Jamaika
Vereinigte Staaten
Mexiko
Belize
Guatemala
El Salvador
Honduras
Nicaragua
Costa Rica
Panama
Ecuador
Peru
Bolivien
Paraguay
 
Antwortstatistiken
Antwort % Korrekt
St. Kitts und Nevis
74%
St. Lucia
68%
Antigua und Barbuda
63%
Barbados
63%
Grenada
63%
Dominica
53%
Trinidad und Tobago
53%
Haiti
47%
Dominikanische Republik
42%
Bahamas
37%
Guyana
37%
Suriname
32%
Brasilien
26%
Venezuela
26%
Kolumbien
21%
Keine übereinstimmenden Quizze gefunden
Verteilung der Resultate
Anzahl Personen mit jedem Resultat
Perzentil nach korrekt beantworteten Fragen
Ihre Resultats-Entwicklung
Sie haben dieses Quiz noch nicht gespielt